Datum a čas kvízu
40
Celkem bodů
Celkový počet nahraných bodů na tomto kvízu bez doplňovacích otázek.
2.
Pořadí na kvízu
Konečné umístění týmu na tomto kvízu.
Zaznamenané odpovědi
| # | Otázka | Odpověď | Body | Výsledky |
|---|---|---|---|---|
| 1. | Jaroslav Němec z Bystrého na S... | hlemýždi (šneci) | 1 | |
| 2. | Tento ruský opoziční politik v... | Boris Naděždin | 0 | |
| 3. | Ve čtvrtek byl na Netflixu ods... | narkobaronka (šéfka kokainové mafie) | 0 | |
| 4. | Které město jako první v České... | Brno | 1 | |
| 5. | Slavná Barcelona obdržela v so... | Villarreal | 1 | |
| 6. | Nejvíce dvojčat na světě se ro... | Nigérie | 0 | |
| 7. | Dvojčata si mohou v dětském vě... | kryptofázie | 1 | |
| 8. | Jako dvojčata byly označovány... | Ground Zero | 0 | |
| 9. | Jak se jmenuje herec, jehož dv... | Kiefer Sutherland | 0 | |
| 10. | Na závěr tématu se podíváme na... | paterčata | 1 |